Statistics for All Mario Kart Games

Click here to take the quiz!

General Stats

  • This quiz has been taken 3 times
  • The average score is 5 of 9

Answer Stats

HintAnswer% Correct
3DSMario Kart 7
100%
Wii UMario Kart 8
100%
SwitchMario Kart 8 Deluxe
67%
DSMario Kart DS
67%
WiiMario Kart Wii
67%
SNESSuper Mario Kart
67%
N64Mario Kart 64
33%
GamecubeMario Kart Double Dash
33%
Gameboy AdvanceMario Kart Super Circuit
0%

Score Distribution

Percentile by Number Answered

Percent of People with Each Score

Your Score History

You have not taken this quiz